000 00434nam a2200181Ia 4500
001 922
005 20260306140554.0
008 260306t2001||||xx |||||||||||||| ||spa||
041 _aESP
082 _a174.3
_bL25
100 _aLarenz, Karl
_eAUT
245 0 _aDerecho justo:
_bfundamentos de la ética jurídica
260 _c2001
300 _a202 páginas :
_c20 cm.
650 _aGEN
654 _aCHU
942 _cLIB
_dJUS
_fJUS
_2ddc
_n
999 _c922
_d922